Tiszatáj 1948/5
Elmentve itt :
| Dokumentumtípus: | Folyóirat |
|---|---|
| Megjelent: |
1948
|
| Sorozat: | Tiszatáj
2 No. 5 |
| Online Access: | http://tiszataj.bibl.u-szeged.hu/21 |
| LEADER | 00434nas a2200145 i 4500 | ||
|---|---|---|---|
| 001 | tisza21 | ||
| 005 | 20200415091016.0 | ||
| 008 | 160906s1948 hu o 0|| hun d | ||
| 022 | |a 0133-1167 | ||
| 040 | |a SZTE Tiszatáj Archívum |b hun | ||
| 041 | |a hun | ||
| 245 | 0 | 0 | |a Tiszatáj 1948/5 |h [elektronikus dokumentum] |
| 260 | |c 1948 | ||
| 490 | 0 | |a Tiszatáj |v 2 No. 5 | |
| 856 | 4 | 0 | |u http://tiszataj.bibl.u-szeged.hu/21/1/tiszataj_1948_005.pdf |z Dokumentum-elérés |